| 000 | 00707nam a22002057a 4500 | ||
|---|---|---|---|
| 999 |
_c15141 _d15141 |
||
| 003 | OSt | ||
| 082 | _2631.75807 ANU/PE | ||
| 088 | _aP 225 | ||
| 100 |
_aANU CHANDRAN _93649 |
||
| 245 | _aPerformance evaluation of cost effective fertigation system | ||
| 260 |
_aTavanur 2011 _bKelappaji College of Agricultural Engineering |
||
| 300 | _a62 | ||
| 500 | _aPerformance evaluation of cost effective fertigation system | ||
| 520 | _aPerformance evaluation of cost effective fertigation system | ||
| 700 |
_aNeethu M. V _93650 |
||
| 700 |
_aShahnaz Abdul Rahman _93651 |
||
| 700 |
_aEr. Sajeena S (Guide) _93652 |
||
| 856 | _uhttps://drive.google.com/open?id=1WY45LPvuWmcgHy0LcbmhqTtjbk-_YNn_ | ||
| 942 | _cPR | ||